00432nam a22001337a 4500003000600000005001700006008004100023040000800064082002300072100002600095245011500121260004500236300001700281GBCCL20241126110705.0220405b ||||| |||| 00| 0 eng d cgbc aARCH GBC-2020bNGA aNgaihte, L Thang Joel aAn empirical study on the practice of money loaning at interest in Churachandpur EBC and its Biblical response aNew Lamka: bGrace Bible College, c2021 aviii, 51p. ;